[Event "Budapest Spring op 30th"]
[Site "Budapest"]
[Date "2014.03.14"]
[Round "1"]
[White "Cross, Ted"]
[Black "Ongut, Tamas Gunes"]
[Result "1-0"]
[WhiteElo "2034"]
[BlackElo "1531"]
[PlyCount "53"]
[EventDate "2014.03.14"]
[EventType "swiss"]
[EventRounds "9"]
[EventCountry "HUN"]
[SourceTitle "CBM 159 Extra"]
[Source "ChessBase"]
[SourceDate "2014.04.24"]
[SourceVersion "1"]
[SourceVersionDate "2014.04.24"]
[SourceQuality "1"]

1. e4 e5 2. Nf3 Nc6 3. Bc4 Bc5 4. c3 Nf6 5. d4 exd4 6. cxd4 Bb4+ 7. Bd2 Bxd2+ 8. Nbxd2 d5 9. exd5 Nxd5 10. Qb3 Nce7 11. 0-0 0-0 12. Rfe1 Nb6 13. Bd3 Bf5 14. Ne4 Bxe4 15. Rxe4 c6 16. Rae1 Ned5 17. Ne5 Nf6 18. Rf4 Qd5 19. Qc2 h6 20. b3 Rae8 21. Re3 Nfd7 22. Be4 Qd6 23. Bh7+ Kh8 24. Nxf7+ Rxf7 25. Rxe8+ Rf8 26. Rfxf8+ Nxf8 27. Bf5 1-0

[Event "Budapest Spring op 29th"]
[Site "Budapest"]
[Date "2013.03.26"]
[Round "8"]
[White "Kun, Joan"]
[Black "Cross, Ted"]
[Result "0-1"]
[WhiteElo "1859"]
[BlackElo "2041"]
[PlyCount "102"]
[EventDate "2013.03.18"]
[EventType "swiss"]
[EventRounds "9"]
[EventCountry "HUN"]
[SourceTitle "CBM 153 Extra"]
[Source "ChessBase"]
[SourceDate "2013.04.22"]
[SourceVersion "1"]
[SourceVersionDate "2013.04.22"]
[SourceQuality "1"]

1. d4 c5 2. dxc5 Nf6 3. c3 e6 4. Nd2 Bxc5 5. Ngf3 Nc6 6. Nb3 Be7 7. Bf4 d5 8. e3 0-0 9. Bd3 Re8 10. Rc1 h6 11. Bb1 Bd6 12. Bg3 e5 13. Qc2 Bg4 14. h3 Bh5 15. Qd2 Ne4 16. Bxe4 dxe4 17. Ng1 f5 18. Ne2 Qf6 19. 0-0 Rad8 20. Bh2 f4 21. exf4 e3 22. fxe3 exf4 23. Qd5+ Bf7 24. Qb5 Qg5 25. Qxg5 hxg5 26. Ned4 Rxe3 27. Nxc6 bxc6 28. Nd4 c5 29. Nf5 Re2 30. Rf2 Rxf2 31. Kxf2 Bb8 32. Re1 Bxa2 33. Ne7+ Kf7 34. Nc6 Rc8 35. Nxb8 Rxb8 36. Re2 Bc4 37. Rd2 Re8 38. Bg1 Re7 39. Kf3 Rc7 40. Ke4 Kf6 41. Rd6+ Be6 42. Bf2 Rb7 43. Rd2 c4 44. Bd4+ Kf7 45. Rf2 Ke7 46. Be5 g6 47. h4 Bf5+ 48. Kd4 Ke6 49. Re2 Rd7+ 50. Kc5 Rd5+ 51. Kc6 Rxe5 0-1

[Event "Budapest Spring op 29th"]
[Site "Budapest"]
[Date "2013.03.25"]
[Round "7"]
[White "Cross, Ted"]
[Black "Schatzer, Andras"]
[Result "1/2-1/2"]
[WhiteElo "2041"]
[BlackElo "1782"]
[PlyCount "120"]
[EventDate "2013.03.18"]
[EventType "swiss"]
[EventRounds "9"]
[EventCountry "HUN"]
[SourceTitle "CBM 153 Extra"]
[Source "ChessBase"]
[SourceDate "2013.04.22"]
[SourceVersion "1"]
[SourceVersionDate "2013.04.22"]
[SourceQuality "1"]

1. e4 c5 2. Nc3 g6 3. f4 Bg7 4. Nf3 e6 5. Bc4 Nc6 6. 0-0 Nge7 7. d3 0-0 8. e5 a6 9. a4 d5 10. exd6 Nf5 11. Ne4 Nxd6 12. Bb3 b6 13. c3 Bb7 14. Qe2 Qe7 15. Be3 Rad8 16. Rad1 Rd7 17. Bf2 Na5 18. Ba2 Bd5 19. Nxd6 Qxd6 20. Bxd5 exd5 21. Bg3 Re7 22. Qc2 Nc6 23. d4 cxd4 24. f5 Qc5 25. Bf2 Rfe8 26. fxg6 hxg6 27. Qd3 Qc4 28. Nxd4 Nxd4 29. Bxd4 Bxd4+ 30. Qxd4 Re2 31. Qf6 Qg4 32. Qxf7+ Kh8 33. Qf6+ Kg8 34. Qf3 Qxf3 35. Rxf3 Rxb2 36. Rf2 Ree2 37. Rxe2 Rxe2 38. Rxd5 Rb2 39. a5 bxa5 40. Rxa5 Rb6 41. Kf2 Kf7 42. Ra2 Rc6 43. Rc2 Kf6 44. Ke3 Ke5 45. c4 a5 46. Kd3 a4 47. Ra2 Ra6 48. Kc3 a3 49. Kb4 Kd4 50. c5 Kd5 51. h4 Ra8 52. g4 Rb8+ 53. Kxa3 Kxc5 54. Rf2 Kd5 55. Rf6 Rh8 56. Rxg6 Rxh4 57. g5 Ke5 58. Rb6 Rg4 59. Rb5+ Kf4 60. Rb4+ Kxg5 1/2-1/2

[Event "Budapest Spring op 29th"]
[Site "Budapest"]
[Date "2013.03.20"]
[Round "3"]
[White "Zentai, Peter1111"]
[Black "Cross, Ted"]
[Result "1/2-1/2"]
[WhiteElo "2269"]
[BlackElo "2041"]
[PlyCount "93"]
[EventDate "2013.03.18"]
[EventType "swiss"]
[EventRounds "9"]
[EventCountry "HUN"]
[SourceTitle "CBM 153 Extra"]
[Source "ChessBase"]
[SourceDate "2013.04.22"]
[SourceVersion "1"]
[SourceVersionDate "2013.04.22"]
[SourceQuality "1"]

1. d4 f5 2. Nf3 Nf6 3. g3 g6 4. Bg2 Bg7 5. 0-0 0-0 6. c4 d6 7. Nc3 c6 8. Qc2 Na6 9. a3 Qc7 10. b4 e5 11. dxe5 dxe5 12. Bb2 e4 13. Nd4 Qf7 14. Na4 Be6 15. Rac1 Rac8 16. Rfd1 Bd7 17. Nb3 b6 18. c5 b5 19. Nc3 Nc7 20. e3 Ng4 21. Ne2 Ne5 22. Bxe5 Bxe5 23. Rd2 Nd5 24. Nbd4 g5 25. Nc3 Nxc3 26. Qxc3 Be6 27. Qc2 Bd5 28. Qd1 Kh8 29. f4 gxf4 30. gxf4 Bxd4 31. Rxd4 Rg8 32. Qc2 Rg7 33. Rd2 Rcg8 34. Kh1 Qf6 35. Qc3 Qh4 36. Qe5 Rf8 37. Rg1 Qf6 38. Qxf6 Rxf6 39. Bf1 a6 40. Rg3 Rfg6 41. Kg2 Rd7 42. Kf2 Be6 43. Ke1 Rxd2 44. Kxd2 Kg7 45. Kc3 Kf6 46. Be2 Rh6 47. Rg2 1/2-1/2

[Event "Budapest Spring op 29th"]
[Site "Budapest"]
[Date "2013.03.19"]
[Round "2"]
[White "Cross, Ted"]
[Black "Keschitz, Gyorgy"]
[Result "0-1"]
[WhiteElo "2041"]
[BlackElo "2223"]
[PlyCount "71"]
[EventDate "2013.03.18"]
[EventType "swiss"]
[EventRounds "9"]
[EventCountry "HUN"]
[SourceTitle "CBM 153 Extra"]
[Source "ChessBase"]
[SourceDate "2013.04.22"]
[SourceVersion "1"]
[SourceVersionDate "2013.04.22"]
[SourceQuality "1"]

1. e4 c5 2. Nc3 Nc6 3. f4 e6 4. Nf3 a6 5. d3 d5 6. g3 Nf6 7. e5 Nd7 8. Bg2 b5 9. 0-0 Nb6 10. Ne2 Be7 11. c3 0-0 12. b3 Bb7 13. Bb2 a5 14. g4 c4 15. d4 b4 16. Nd2 Ba6 17. bxc4 Nxc4 18. Nxc4 Bxc4 19. Rf3 Qb6 20. Kh1 bxc3 21. Bxc3 Bxe2 22. Qxe2 Nxd4 23. Bxd4 Qxd4 24. Rd1 Qa4 25. f5 Bg5 26. Rdf1 Rfc8 27. h4 Rc2 28. Qd3 Qxa2 29. hxg5 Rxg2 30. Rh3 Rxg4 31. Qf3 exf5 32. Rh2 Qc4 33. e6 fxe6 34. Re1 Rxg5 35. Rhe2 Qh4+ 36. Rh2 0-1

[Event "Budapest FS11 FM-A"]
[Site "Budapest"]
[Date "2011.11.13"]
[Round "9"]
[White "Bellan, Istvan"]
[Black "Cross, Ted"]
[Result "1-0"]
[WhiteElo "1973"]
[BlackElo "2058"]
[PlyCount "53"]
[EventDate "2011.11.05"]
[EventType "tourn"]
[EventRounds "11"]
[EventCountry "HUN"]
[SourceTitle "EXT 2012"]
[Source "ChessBase"]
[SourceDate "2011.11.24"]
[SourceVersion "1"]
[SourceVersionDate "2011.11.24"]
[SourceQuality "1"]

1. e4 c5 2. Nf3 g6 3. d4 cxd4 4. Nxd4 Bg7 5. Nc3 Nc6 6. Be3 Nf6 7. Bc4 0-0 8. Bb3 d6 9. f3 a6 10. Qd2 Qc7 11. 0-0-0 Bd7 12. h4 Na5 13. Bh6 Nc4 14. Bxc4 Qxc4 15. Bxg7 Kxg7 16. h5 gxh5 17. g4 hxg4 18. Nd5 Rfe8 19. Qh6+ Kg8 20. Qg5+ Kf8 21. Nb6 Qc7 22. Nxd7+ Qxd7 23. Nf5 Qxf5 24. exf5 Rac8 25. Qh6+ Kg8 26. Rdg1 Rc4 27. Rxg4+ 1-0

[Event "Budapest FS11 FM-A"]
[Site "Budapest"]
[Date "2011.11.07"]
[Round "3"]
[White "Letay, Gyula"]
[Black "Cross, Ted"]
[Result "1/2-1/2"]
[WhiteElo "2029"]
[BlackElo "2058"]
[PlyCount "76"]
[EventDate "2011.11.05"]
[EventType "tourn"]
[EventRounds "11"]
[EventCountry "HUN"]
[SourceTitle "EXT 2012"]
[Source "ChessBase"]
[SourceDate "2011.11.24"]
[SourceVersion "1"]
[SourceVersionDate "2011.11.24"]
[SourceQuality "1"]

1. e4 c5 2. Nc3 Nc6 3. g3 g6 4. Bg2 Bg7 5. d3 d6 6. Be3 e6 7. Qd2 Nge7 8. Nge2 0-0 9. 0-0 Nd4 10. Nc1 b5 11. Nd1 Bb7 12. c3 Ndc6 13. Ne2 Ne5 14. h3 c4 15. d4 Nd3 16. Nc1 Nxc1 17. Rxc1 f5 18. f3 Qc7 19. Nf2 Rf7 20. Bh6 Raf8 21. Bxg7 Kxg7 22. Rce1 h6 23. h4 Kh7 24. Nh3 e5 25. d5 Bc8 26. Kh2 Rg7 27. f4 fxe4 28. fxe5 Rxf1 29. Rxf1 Bxh3 30. Bxh3 dxe5 31. d6 Qd8 32. Rd1 Nf5 33. Bxf5 gxf5 34. Qd5 Qb6 35. Qxe5 Qf2+ 36. Kh3 Qf3 37. Re1 Qf2 38. Rd1 Qf3 1/2-1/2

[Event "Reykjavik op"]
[Site "Reykjavik"]
[Date "2009.03.26"]
[Round "3"]
[White "Cross, Ted"]
[Black "Johannesson, Ingvar Thor"]
[Result "0-1"]
[WhiteElo "2076"]
[BlackElo "2345"]
[PlyCount "86"]
[EventDate "2009.03.24"]
[EventType "swiss"]
[EventRounds "9"]
[EventCountry "ISL"]
[SourceTitle "CBM 129 Extra"]
[Source "ChessBase"]
[SourceDate "2009.05.05"]
[SourceVersion "2"]
[SourceVersionDate "2009.05.20"]
[SourceQuality "1"]

1. e4 e6 2. d3 d5 3. Nd2 c5 4. Ngf3 Nc6 5. g3 g6 6. Bg2 Bg7 7. 0-0 Nge7 8. Re1 h6 9. c3 Qc7 10. Nf1 0-0 11. Ne3 Rd8 12. e5 d4 13. Ng4 dxc3 14. bxc3 Nf5 15. Nf6+ Kh8 16. g4 Nxe5 17. Nxe5 Bxf6 18. Bf4 Nd6 19. Qf3 Bg7 20. Qh3 Kh7 21. Bxh6 Bxh6 22. g5 Nf5 23. gxh6 Rh8 24. Re4 Qe7 25. Bf3 Bd7 26. Kh1 Kg8 27. Rg1 Rxh6 28. Nxg6 Qf6 29. Ne5+ Kh8 30. Nxd7 Rxh3 31. Nxf6 Rxf3 32. Reg4 Nh6 33. Nd7 Nxg4 34. Rxg4 Rxd3 35. Rh4+ Kg7 36. Rg4+ Kh8 37. Rh4+ Kg7 38. Rg4+ Kh6 39. Ne5 Rd5 40. Nxf7+ Kh5 41. Re4 Rf8 42. Ne5 Rxf2 43. Re1 Rdd2 0-1

[Event "Reykjavik op 23rd"]
[Site "Reykjavik"]
[Date "2008.03.04"]
[Round "2"]
[White "Malisauskas, Vidmantas"]
[Black "Cross, Ted"]
[Result "1-0"]
[WhiteElo "2489"]
[BlackElo "2079"]
[PlyCount "41"]
[EventDate "2008.03.03"]
[EventType "swiss"]
[EventRounds "9"]
[EventCountry "ISL"]
[SourceTitle "CBM 123 Extra"]
[Source "ChessBase"]
[SourceDate "2008.05.06"]
[SourceVersion "1"]
[SourceVersionDate "2008.05.06"]
[SourceQuality "1"]

1. e4 c5 2. Nc3 d6 3. Nge2 Nf6 4. d4 cxd4 5. Nxd4 a6 6. g3 e5 7. Nf3 Be7 8. Bg2 0-0 9. 0-0 Be6 10. Ng5 Bg4 11. f3 Bd7 12. f4 Nc6 13. f5 b5 14. g4 h6 15. Nh3 g5 16. fxg6 Bxg4 17. Qd2 b4 18. Qxh6 Bxh3 19. Bxh3 bxc3 20. Rxf6 Qb6+ 21. Kh1 1-0